• 首页
  • 本馆介绍
  • 公告通知
  • 最新文献
  • 馆藏检索
  • 电子资源
  • 读者导购
  • 参考咨询
  • 我的图书馆
  • 登录
  • 详细信息显示
  • 放入我的书架
  • 预约/预借图书
  • 作者相关作品
  • 分类相关作品
  • 丛书相关作品
  • 出版社相关作品

书目信息

  • 表格格式
  • 工作单格式
  • 卡片格式
题名:
培正诗歌
    
 
作者: 何泽乾 编
分册:  
出版信息:    
页数: 251页
开本: 20cm
丛书名:
单 册:
中图分类: J642.22
科图分类:
主题词: 音乐--作品--中国
电子资源:
ISBN:
000 00419nam0 2200157 450
001 0630300015
005 20061119082631.67
100    @a20061119d km y0chiy0120 ea
101 0  @achi
200 1  @a培正诗歌@Apei zheng shi ge@f何泽乾编@Fhe ze qian bian
215    @a251页@d20cm
606 0  @a音乐@x作品@x中国
690    @aJ642.22@v3
701  0 @a何泽乾@Ahe ze qian@4编
801  0 @aCN@bPFT@c20061119
905    @a10447@dJ642.22@e137
    
    培正诗歌/何泽乾编
    251页;20cm
    
    
    ISBN :
    
●
相关链接 在E读中查询图书 在五车中查询图书 在当当中查询图书 在豆瓣中查询图书


正题名:培正诗歌     索取号:J642.22/137         预约/预借

序号 登录号 条形码 馆藏地/架位号 状态 备注
1 0262360   202118573   第一样本阅览室/ [索取号:J642.22/137] 在馆    
唐山师范学院图书馆 欢迎您!
大连网信软件有限公司© 版权所有